Caracterización y propuestas de producción limpia en los principales procesos productivos regionales / (Registro nro. 19854)

Detalles MARC
000 -CABECERA
Campo de control 01293nam a22002898a 4500
005 - FECHA Y HORA DE LA ULTIMA TRANSACCION
Campo de control 20180803170425.0
008 - ELEMENTOS DE LONGITUD FIJA—INFORMACION GENERAL
Campo de control 170215s2016 ck a r 00010 spa d
020 ## - ISBN
ISBN 9789587222463
040 ## - FUENTE DE CATALOGACIÓN
Agencia catalogadora original CO-BoBLA
Agencia transcriptora CO-BoBLA
041 04 - IDIOMA
Código de idioma para texto/pista de sonido o título separado Español
044 ## - PAÍS DE PUBLICACIÓN
País de publicación Colombia
082 04 - NUMERO DE CLASIFICACION DECIMAL DEWEY
Número de clasificación 665.776
Número del ítem M49c
100 1# - ASIENTO PRINCIPAL--NOMBRE PERSONAL
Nombre personal Medina Varela, Pedro Daniel
Término relacionado autor
9 (RLIN) 84844
245 10 - MENCION DE TITULO
Título Caracterización y propuestas de producción limpia en los principales procesos productivos regionales /
Mención de responsabilidad Pedro Daniel Medina Varela, Eduardo Arturo Cruz Trejos y Carlos Alberto Buriticá Noreña
260 ## - PUBLICACION, DISTRIBUCION, ETC. (PIE DE IMPRENTA)
Lugar de publicación, distribución, etc. Pereira (Colombia) :
Nombre del editor, distribuidor, etc. Universidad Tecnológica de Pereira. Facultad de Ingeniería Industrial,
Fecha de publicación, distribución, etc. 2016.
300 ## - DESCRIPCION FISICA
Extensión 165 páginas :
Otros detalles físicos ilustraciones, tablas y gráficos ;
Dimensiones 23 x 17 cm.
490 0# - MENCION DE SERIE
Mención de serie Colección de trabajos de investigación
504 ## - NOTA DE BIBLIOGRAFIA, ETC.
Nota de bibliografía Incluye referencias bibliográficas: páginas 163-165.
650 24 - ASIENTO SECUNDARIO DE MATERIA - TERMINO TEMATICO
Término temático o nombre geográfico como elemento de entrada Producción más limpia
Subdivisión geográfica Colombia.
9 (RLIN) 84847
650 26 - ASIENTO SECUNDARIO DE MATERIA - TERMINO TEMATICO
Término temático o nombre geográfico como elemento de entrada Política ambiental
Subdivisión geográfica Colombia.
9 (RLIN) 84848
650 26 - ASIENTO SECUNDARIO DE MATERIA - TERMINO TEMATICO
Término temático o nombre geográfico como elemento de entrada Gestión de ecosistemas
Subdivisión geográfica Colombia
9 (RLIN) 84849
650 26 - ASIENTO SECUNDARIO DE MATERIA - TERMINO TEMATICO
Término temático o nombre geográfico como elemento de entrada Economía medioambiental
Subdivisión geográfica Colombia
9 (RLIN) 84850
650 26 - ASIENTO SECUNDARIO DE MATERIA - TERMINO TEMATICO
Término temático o nombre geográfico como elemento de entrada Gestión ambiental
9 (RLIN) 92206
700 1# - ASIENTO SECUNDARIO - NOMBRE PERSONAL
Nombre personal Cruz Trejos, Eduardo Arturo
Término de relación autor
9 (RLIN) 84845
700 1# - ASIENTO SECUNDARIO - NOMBRE PERSONAL
Nombre personal Buriticá Noreña, Carlos Alberto
Término de relación autor
9 (RLIN) 84852
942 ## - ELEMENTOS ADICIONALES (KOHA)
Sistema de clasificación Dewey Decimal Classification
Tipo de ítem Libro
Existencias
Withdrawn status Lost status Sistema de Clasificación Damaged status No para préstamo Colección Inventariado Ubicación Permanente Ubicación actual Fecha de adquisición Fuente de Valor Valor Total Checkouts Número topográfico Inventario / Código de Barras Date last seen Ejemplar Price effective from Forma de adquisición Tipo de material
    Dewey Decimal Classification     General Inventariado 2017 Bogotá Bogotá 25/09/2017 Instituto 39000.00   LB-665.776 M49c 041688 25/09/2017 Ej. 1 25/09/2017 Donación Libro
    Dewey Decimal Classification     General Inventariado 2017 Sala Fabio Quevedo Sala Fabio Quevedo 25/09/2017 Instituto 39000.00   LB-665.776 M49c 041689 25/09/2017 Ej. 2 25/09/2017 Donación Libro